“985工程”入选高校Schools in Project 985 - Statistics

General Stats
  • This quiz has been taken 34 times
  • The average score is 35 of 39
Answer Stats
高校 % Correct
清华大学
100%
北京大学
100%
湖南大学
100%
哈尔滨工业大学
96%
复旦大学
96%
浙江大学
96%
四川大学
96%
中国人民大学
93%
北京师范大学
93%
南开大学
93%
大连理工大学
93%
吉林大学
93%
上海交通大学
93%
南京大学
93%
山东大学
93%
中国海洋大学
93%
武汉大学
93%
中山大学
93%
电子科技大学
93%
西安交通大学
93%
北京航空航天大学
89%
东北大学
89%
同济大学
89%
东南大学
89%
华中科技大学
89%
中南大学
89%
重庆大学
89%
西北农林科技大学
89%
兰州大学
89%
北京理工大学
85%
中国科学技术大学
85%
厦门大学
85%
华南理工大学
85%
西北工业大学
85%
天津大学
81%
华东师范大学
81%
中国人民解放军国防科技大学
81%
中国农业大学
78%
中央民族大学
74%
No matching quizzes found
Score Distribution
Percent of People with Each Score
Percentile by Number Answered
Your Score History
You have not taken this quiz